[Event "Negombo op 2nd"]
[Site "Negombo"]
[Date "2016.08.17"]
[Round "9"]
[White "Liyanage, Ranindu Dilshan"]
[Black "Sandeepa, H Niruksha Akshith"]
[Result "1/2-1/2"]
[WhiteElo "1763"]
[BlackElo "1746"]
[PlyCount "75"]
[EventDate "2016.08.13"]
[EventType "swiss"]
[EventRounds "9"]
[EventCountry "SRI"]
[SourceTitle "EXT 2019"]
[Source "ChessBase"]
[SourceDate "2018.10.10"]
[SourceVersion "1"]
[SourceVersionDate "2018.10.10"]
[SourceQuality "1"]

1. e4 d6 2. d4 Nf6 3. Nc3 e5 4. f3 exd4 5. Qxd4 Nc6 6. Bb5 Bd7 7. Qf2 a6 8. Bxc6 Bxc6 9. Bg5 h6 10. Be3 Qe7 11. Nge2 d5 12. exd5 Nxd5 13. Nxd5 Bxd5 14. Nc3 0-0-0 15. Nxd5 Rxd5 16. 0-0 Qxe3 17. Qxe3 Bc5 18. Qxc5 Rxc5 19. Rf2 Rd8 20. Re1 Rdd5 21. Re8+ Rd8 22. Re1 c6 23. g3 Ra5 24. a3 Rb5 25. b3 Ra5 26. a4 Rad5 27. Re7 R5d7 28. Rfe2 Kc7 29. Kf2 Kb6 30. Rxd7 Rxd7 31. Ke1 Kc5 32. Re4 Rd6 33. Rc4+ Kd5 34. Ke2 Re6+ 35. Kd2 Re7 36. c3 b5 37. Rd4+ Ke6 38. Re4+ 1/2-1/2

[Event "Asian Schools-ch U15 12th Blitz"]
[Site "Tehran"]
[Date "2016.07.16"]
[Round "7.4"]
[White "Sandeepa, H Niruksha Akshith"]
[Black "Hakemi, Arman"]
[Result "0-1"]
[WhiteElo "1779"]
[BlackElo "1945"]
[PlyCount "56"]
[EventDate "2016.07.16"]
[EventType "swiss"]
[EventRounds "9"]
[EventCountry "IRI"]
[SourceTitle "EXT 2024"]
[Source "ChessBase"]
[SourceDate "2023.10.10"]
[SourceVersion "1"]
[SourceVersionDate "2023.10.10"]
[SourceQuality "1"]

1. Nf3 d5 2. g3 Nf6 3. Bg2 Bf5 4. 0-0 c6 5. d3 h6 6. c4 e6 7. Nc3 Be7 8. Re1 0-0 9. Nd2 Nbd7 10. cxd5 cxd5 11. e4 dxe4 12. dxe4 Bg4 13. Qb3 Qc7 14. Nc4 Rac8 15. Ne3 Bh5 16. f4 Nc5 17. Qc4 a6 18. e5 b5 19. Qf1 Nfd7 20. b4 Nb7 21. Bb2 Bxb4 22. Rac1 Qb6 23. Qf2 Ndc5 24. Red1 Rfd8 25. a3 Bxc3 26. Bxc3 Nd3 27. Qf1 Nxc1 28. Rxc1 Qxe3+ 0-1

[Event "Ambalangoda Dhamso op 6th"]
[Site "Ambalangoda"]
[Date "2016.05.01"]
[Round "5"]
[White "Thilakarathne, DDW"]
[Black "Sandeepa, H Niruksha Akshith"]
[Result "1-0"]
[WhiteElo "1686"]
[BlackElo "1851"]
[PlyCount "97"]
[EventDate "2016.04.29"]
[EventType "swiss"]
[EventRounds "9"]
[EventCountry "SRI"]
[SourceTitle "EXT 2017"]
[Source "ChessBase"]
[SourceDate "2016.10.25"]
[SourceVersion "1"]
[SourceVersionDate "2016.10.25"]
[SourceQuality "1"]

1. Nf3 Nf6 2. b3 d5 3. Bb2 c6 4. e3 Bg4 5. Be2 Nbd7 6. d4 Qc7 7. Nbd2 e6 8. h3 Bh5 9. a3 Bd6 10. c4 0-0 11. 0-0 Rfe8 12. Ne1 Bxe2 13. Qxe2 e5 14. dxe5 Nxe5 15. cxd5 cxd5 16. Nef3 Qb6 17. b4 a5 18. Bd4 Qd8 19. Bxe5 Bxe5 20. Nxe5 Rxe5 21. Nf3 Re4 22. Qb5 Qd7 23. Qxd7 Nxd7 24. Nd4 Re7 25. Rab1 Ne5 26. bxa5 Rxa5 27. Rb3 g6 28. Rfb1 Nc6 29. Rxb7 Rxb7 30. Rxb7 Nxd4 31. exd4 Rxa3 32. Rb5 Kg7 33. Rxd5 Kf6 34. Re5 Rd3 35. Re4 Kg5 36. h4+ Kf5 37. f3 Rd2 38. g4+ Kf6 39. g5+ Kg7 40. Kf1 f5 41. Re7+ Kg8 42. Rd7 Rh2 43. Rd8+ Kf7 44. Rd7+ Kg8 45. d5 Rxh4 46. d6 Kf8 47. Ke2 Rd4 48. Ke3 Rd5 49. Kf4 1-0